Maths - Fractions QCM - Statistiques

Statistiques générales
  • Ce quiz a été pris 223 fois
    221 depuis la dernière actualisation
  • Le résultat moyen est 6 sur 10
Statistiques - réponses
Question Réponse % Correct
Quelle est la fraction simplifiée de cette addition : 7/14 + 8/14 ? 15/14
84%
Quelles fractions sont égales ? 12/14 et 6/7
80%
Quelle est la fraction simplifiée de 68/34 ? 2
80%
Quelle est la fraction simplifiée de 4/13 ? Pas possible
80%
Quelle est la fraction simplifiée de cette soustraction : 14/12 - 7/12 ? 7/12
75%
Quelle est la fraction simplifiée de cette multiplication : 5/7 x 8/3 ? 40/21
74%
Quelle est la fraction simplifiée de cette multiplication : 15/14 x 1/2 15/28
73%
Quelle est la fraction simplifiée de 12/48 ? 1/4
72%
Quelles fractions sont égales ? 2/13 et 6/39
72%
Quelle est la fraction simplifiée de 24/36 ? 2/3
65%
Quelle est la fraction simplifiée de cette soustraction : 15/31 - 1/2 ? -1/62
63%
Laquelle a pour fraction simplifiée 3/4 39/52
55%
Laquelle a pour fraction simplifiée 12/13 ? 72/78
53%
Quelle est la fraction simplifiée de cette addition : 1/2 + 3/12 ? 3/4
49%
Quelle est la fraction simplifiée de cette soustraction : 4/7 - 6/14 ? 1/7
47%
Quelle est la fraction simplifiée de cette multiplication : 4/3 x 6/9 ? 8/9
47%
Quelle est la fraction simplifiée de cette division : 50/6 ÷ 2/4 ? 50/3
41%
Quelle est la fraction simplifiée de cette division : 34/7 ÷ 4/2 ? 17/7
35%
Quelle est la fraction simplifiée de cette division : 25/2 ÷ 69/3 ? 25/46
31%
Quelle est la fraction simplifiée de cette addition : 2 + 4/6 ? 8/3
31%
Aucun quiz correspondant
Distribution des résultats
% des personnes avec chaque résultat
Percentile par nombre de réponses
Votre historique - résultats
Vous n’avez pas pris ce quiz depuis la dernière actualisation